00415nam a22001577a 450000500170000001000130001702000220003003500130005203700140006508200080007910000160008724500450010326000350014827000550018330000190023820120726124151.0 aG-002068 aPA0820080c195.00 aG-002068 adplbGift a921 aSudan, K.K. aFace to face with destinycby K.K. Sudan aDelhibP & A Enterprisesc2008 a1580/G-1, Raj block, Naveen ShadarabDelhie110032 a228 p.c22 cm.